000 00521nam a2200169 4500
001 122158
003 ES-MaACL
005 20230906191924.0
007 t|
008 070214s1971 sp r ||||1| spa d
100 1 _aPrieto, Pablo.
_993904
245 1 0 _aVegetación de Sierra Nevada
_b: la Cuenca del Monachil /
_cPablo Prieto.
260 _aGranada :
_bUniversidad,
_c1971.
300 _a217 p., 21 lám. ;
_c21 cm +
_e8 map. pleg.
710 2 _aUniversidad de Granada.
_97176
852 _aES-MaACL
_jC-46247
_bR.80612
999 _c122158
_d122158